1185 1122 1384 1992 1194 1505 1314 1754 1904 1107 1372 1375 1753 1435 1939 1574 1048 1498 1944 1233 1044 1259 1881 1515 1924 1692 1381 1936 1432 1392 1578 1494 1663 1059 1482 1745 1030 1886 1016 1696 1022 1236 1454 1539 1543 1255 1898 1748 1742 1166 1099 1750 1916 1041 1036 1873 1124 1463 1281 1464 1933 1947 1469 1390 1502 1433 1468 1732 1820 1317 1511 1916 1299 1214 1380 1405 1397 1142 1045 1076 1089 1149 1693 1942 1655 1369 1448 1802 1663 1328 1694 1356 1084 1957 1031 1678 1542 1678 1708 BCNSPRNW ULIB Ver.6.0+V

เปลี่ยนเป็นภาษาไทย

Change to English
 แสดงรายละเอียดบรรณานุกรม
  กลับหน้าหลัก

Brief Record : Get Marc (ISO 2709) : E-mail record : QR code < ปิดหน้าต่าง
LEADER : 00000nam 2200000uu 4500
001    13399114981
003     ULIB
008    120626s2546||||th 000 0 tha d
020    ^a9746058282
020    ^a9789746058285
050 04 ^aBF^bท461จ 2546
100 0  ^aทิพย์ภา เชษฐ์เชาวลิต
245 10 ^aจิตวิทยาพัฒนาการสำหรับพยาบาล /^cทิพย์ภา เชษฐ์เชาวลิต
250    ^aพิมพ์ครั้งที่ 3
260    ^aสงขลา :^bภาควิชาการพยาบาลจิตเวช คณะพยาบาลศาสตร์มหาวิทยาลัยสงขลานครินทร์,^c2546
300    ^aก-ฉ, 144 หน้า :^bภาพประกอบ ;^c26ซม.
650  7 ^aจิตวิทยาพัฒนาการ
650  7 ^aพยาบาล
710 2  ^aมหาวิทยาลัยสงขลานครินทร์. ^bคณะพยาบาลศาสตร์.^bภาควิชาการพยาบาลจิตเวช
945    ^p130^l0^i13419
945    ^p130^l0^i13425
995    ^aกัณชพร
999    ^aใช้งานได้ทุกระบบ
รายการนี้ยังไม่มีแท็ก
คุณยังไม่ได้ล็อกอิน คุณสามารถมีกิจกรรมร่วมกับเว็บไซต์ได้ แต่ต้องล็อกอินก่อน ::
  ล็อกอิน

รายการสื่อสารสนเทศ

ลำดับที่ ประเภท เลขเรียก/บาร์โค้ด สถานที่ สถานะ
- ไม่พบข้อมูล -

รายการใกล้เคียง
    ผู้แต่ง [ทิพย์ภา เชษฐ์เชาวลิต]

    หัวเรื่อง [จิตวิทยาพัฒนาการ]
    หัวเรื่อง [พยาบาล]

BibComment


ยังไม่เคยถูกคอมเมนท์

คอมเมนท์ทรัพยากรรายการนี้
  คอมเมนท์: จิตวิทยาพัฒนาการ..


 Copyright 2026. Bcnsprnw @Library